Statistics for Giraffe - 32 Piece Jigsaw Puzzle

Click here to take the quiz!

General Stats

  • This quiz has been taken 1,246 times
  • The average score is 21 of 32

Answers on the Map

Answers color-coded by a green-red scale on the quiz's map according to % correct below.
 

Answer Stats

Answer% Correct
91%
78%
78%
77%
72%
70%
70%
70%
69%
68%
67%
67%
67%
66%
65%
65%
65%
65%
65%
64%
64%
64%
64%
64%
64%
63%
63%
62%
61%
61%
59%
59%

Score Distribution

Percentile by Number Answered

Percent of People with Each Score

Your Score History

You have not taken this quiz